Online katalóg knižníc regiónu Turca

Ročné obdobia (Record no. 21559)

MARC details
000 -LEADER
fixed length control field 02185cam a2200565 4500
001 - CONTROL NUMBER
control field 21559
003 - CONTROL NUMBER IDENTIFIER
control field VRT
005 - DATE AND TIME OF LATEST TRANSACTION
control field 20260305084601.0
008 - FIXED-LENGTH DATA ELEMENTS--GENERAL INFORMATION
fixed length control field 200507s2019 xo a ar 000 p slo
015 ## - NATIONAL BIBLIOGRAPHY NUMBER
National bibliography number SNBA2019/12
020 ## - INTERNATIONAL STANDARD BOOK NUMBER
International Standard Book Number 9788056610787
Qualifying information (viazané)
035 ## - SYSTEM CONTROL NUMBER
System control number urn:nbn:sk:snk-am00dx07
035 ## - SYSTEM CONTROL NUMBER
System control number urn:nbn:sk:snk-am3i855
035 ## - SYSTEM CONTROL NUMBER
System control number 93F38C10-85FB-492A-9973-6644B5D64E58
039 #9 - LEVEL OF BIBLIOGRAPHIC CONTROL AND CODING DETAIL [OBSOLETE]
Level of rules in bibliographic description 202005070815
Level of effort used to assign nonsubject heading access points VLOAD
Level of effort used to assign subject headings 201912040849
Level of effort used to assign classification csnk10
Level of effort used to assign subject headings 201912031310
Level of effort used to assign classification msnk161
Level of effort used to assign subject headings 201912020954
Level of effort used to assign classification msnk161
040 ## - CATALOGING SOURCE
Original cataloging agency PPPK
Language of cataloging slo
Transcribing agency PPPK
Modifying agency SNK
Description conventions rda
041 0# - LANGUAGE CODE
Language code of text/sound track or separate title slo
044 ## - COUNTRY OF PUBLISHING/PRODUCING ENTITY CODE
MARC country code xo
ISO country code SK
072 #7 - SUBJECT CATEGORY CODE
Subject category code 821.162.4-1
Subject category code subdivision Slovenská poézia
Source konspekt
072 #7 - SUBJECT CATEGORY CODE
Subject category code 821-93
Subject category code subdivision Literatúra pre deti a mládež (beletria)
Source konspekt
080 ## - UNIVERSAL DECIMAL CLASSIFICATION NUMBER
Universal Decimal Classification number 821.162.4-1
Edition identifier 2011
080 ## - UNIVERSAL DECIMAL CLASSIFICATION NUMBER
Universal Decimal Classification number 82-1-053.2
Edition identifier 2011
080 ## - UNIVERSAL DECIMAL CLASSIFICATION NUMBER
Universal Decimal Classification number 82-93-053.4/.5
Edition identifier 2011
100 1# - MAIN ENTRY--PERSONAL NAME
Personal name Pavlíková, Jana
Titles and words associated with a name (poetka)
Relationship aut
245 10 - TITLE STATEMENT
Title Ročné obdobia
Statement of responsibility, etc. Jana Pavlíková ; ilustrovala Natália Zavaďáková
250 ## - EDITION STATEMENT
Edition statement [1. vydanie]
264 #1 - PRODUCTION, PUBLICATION, DISTRIBUTION, MANUFACTURE, AND COPYRIGHT NOTICE
Place of production, publication, distribution, manufacture V Bratislave
Name of producer, publisher, distributor, manufacturer Albatros
-- Albatros Media Slovakia, s.r.o.
Date of production, publication, distribution, manufacture, or copyright notice 2019
300 ## - PHYSICAL DESCRIPTION
Extent 64 strán
Other physical details farebné ilustrácie
Dimensions 22 cm
336 ## - CONTENT TYPE
Content type term text
Content type code txt
Source rdacontent
336 ## - CONTENT TYPE
Content type term statický obraz
Content type code sti
Source rdacontent
337 ## - MEDIA TYPE
Media type term bez média
Media type code n
Source rdamedia
338 ## - CARRIER TYPE
Carrier type term zväzok
Carrier type code nc
Source rdacarrier
500 ## - GENERAL NOTE
General note Údaj o poradí vydania podľa NA ISBN, na titule chybne uvedené 2. vydanie
500 ## - GENERAL NOTE
General note Vydalo nakladateľstvo Albatros v spoločnosti Albatros Media Slovakia, s.r.o.
521 8# - TARGET AUDIENCE NOTE
Target audience note Pre deti od 4 rokov
655 #7 - INDEX TERM--GENRE/FORM
Genre/form data or focus term slovenská poézia
Source of term SNKPH
655 #7 - INDEX TERM--GENRE/FORM
Genre/form data or focus term poézia pre deti
Source of term SNKPH
655 #7 - INDEX TERM--GENRE/FORM
Genre/form data or focus term literatúra pre deti
Source of term SNKPH
655 #7 - INDEX TERM--GENRE/FORM
Genre/form data or focus term Slovak poetry
Source of term SNKPHeng
655 #7 - INDEX TERM--GENRE/FORM
Genre/form data or focus term Children's literature
Source of term SNKPHeng
655 #7 - INDEX TERM--GENRE/FORM
Genre/form data or focus term children´s poetry
Source of term SNKPHeng
700 1# - ADDED ENTRY--PERSONAL NAME
Personal name Zavaďáková, Natália
Relationship ill
752 ## - ADDED ENTRY--HIERARCHICAL PLACE NAME
Country or larger entity Slovensko
City Bratislava
942 ## - ADDED ENTRY ELEMENTS (KOHA)
Source of classification or shelving scheme Dewey Decimal Classification
Koha item type Krásna literatúra pre deti
Suppress in OPAC No
949 ## - LOCAL PROCESSING INFORMATION (OCLC)
6 273K0643674
a svkpoB 107445
b svkpo637312
949 ## - LOCAL PROCESSING INFORMATION (OCLC)
6 17A1393296
a snkSC 186812
b snk2019/29956
o 1827/19
s 6100:20191217
949 ## - LOCAL PROCESSING INFORMATION (OCLC)
6 17A1393297
a snkSC 186812 D1
b snk2019/29957
o 1827/19
949 ## - LOCAL PROCESSING INFORMATION (OCLC)
6 270001000603526
a svkbba 157984
b svkbbm 784523
949 ## - LOCAL PROCESSING INFORMATION (OCLC)
6 2889351229
a savukPV 28407
b savuk2019/2831
Holdings
Stav vyradenia Strata Poškodenie Spôsob nadobudnutia Domovská knižnica Aktuálna knižnica Dátum nadobudnutia Total checkouts Čiarový kód exemplára Date last seen Typ exemplára
      Dar Obecná knižnica Turčianska Štiavnička Obecná knižnica Turčianska Štiavnička 05.03.2026   4738000239 05.03.2026 Krásna literatúra pre deti
Projekt je podporený Slovenskou asociáciou knižníc
Prevádzkuje Turčianska knižnica Martin 2026